Le monde carolingien

Guardat en:
Dades bibliogràfiques
Autor principal: Perroy, Edouard (Autor)
Format: Llibre
Idioma:francès
Publicat: París Centre de Documentatión Universitaire 1952
Col·lecció:Les Cours de Sorbonne
Matèries:
Etiquetes: Afegir etiqueta
Sense etiquetes, Sigues el primer a etiquetar aquest registre!

MARC

LEADER 00000nam a2200000 a 4500
001 UCP9910
003 CL-VaPUC
008 000407e19520000FR |||||||||||||||||fre|d
082 0 4 |a 940.1  |b PER  |2 21 
100 0 |a Perroy, Edouard  |e author  |9 440853 
245 1 3 |a Le monde carolingien 
300 |a 3 v 
942 |c BK 
945 |d 20000407 00:00:00  |a rherrera 
260 |a París  |b Centre de Documentatión Universitaire  |c 1952 
500 |a v.1: L'Economie Carolingienne 
500 |a v.2: La Société Carolingienne 
500 |a v.3: L'Admnistration Carolingienne 
650 0 |a Historia de Europa  |9 392003 
650 0 |a Imperio carolingio   |9 392797 
650 0 |a Economía   |9 255568 
650 0 |a Sociedad  |9 307903 
651 0 |a Europa  |9 255156 
583 |a last modification  |c 20000407 00:00:00  |k Rodrigo Vera 
490 0 |a Les Cours de Sorbonne 
999 |c 286690  |d 286688 
952 |0 0  |1 0  |4 0  |6 940_100000000000000_PER_1952  |7 0  |8 A  |9 332756  |a BIBHIS  |b BIBHIS  |d 2019-11-20  |h v.1  |i 1262718  |o 940.1 PER 1952  |p 1262718  |r 2025-01-20  |w 2019-11-20  |y BK  |k HIS 
952 |0 0  |1 0  |4 0  |6 940_100000000000000_PER_1952  |7 0  |8 A  |9 332757  |a BIBHIS  |b BIBHIS  |d 2019-11-20  |h v.2  |i 1262734  |o 940.1 PER 1952  |p 1262734  |r 2025-01-20  |w 2019-11-20  |y BK  |k HIS 
952 |0 0  |1 0  |4 0  |6 940_100000000000000_PER_1952  |7 0  |8 A  |9 332758  |a BIBHIS  |b BIBHIS  |d 2019-11-20  |h v.3  |i 1262742  |o 940.1 PER 1952  |p 1262742  |r 2025-01-20  |w 2019-11-20  |y BK  |k HIS